000
00324nam a22001457a 4500
008
221108b ||||| |||| 00| 0 eng d
020
_a
9780521395571
041
_a
eng
080
_a
616.12
082
_a
616.12 DUT
100
_a
11.2
101
_a
KARDI
245
_a
WORSE THAN THE DISEASE
_c
DUTTON D
942
_2
udc
_c
BK
999
_c
58785
_d
58785